000
00329pab a2200145 454500
008
180718b1982 xxu||||| |||| 00| 0 eng d
100
_a
Sarin, Madhu
245
_a
Non-plan settlements in a planned city
260
_c
1982
300
_a
p.54-93.
362
_a
Apr-Jun
773
_a
Nagarlok
908
_a
N
909
_a
101854
999
_c
101852
_d
101852